[Event "Foment Martinenc op-B 23rd"]
[Site "Barcelona"]
[Date "2023.06.03"]
[Round "7"]
[White "Guerrero Moreno, Ainoha"]
[Black "Berrozpe Gonzalez, Marc"]
[Result "1/2-1/2"]
[WhiteElo "1502"]
[BlackElo "1438"]
[PlyCount "55"]
[EventDate "2023.04.22"]
[EventType "swiss"]
[EventRounds "9"]
[EventCountry "ESP"]
[SourceTitle "EXT 2024"]
[Source "ChessBase"]
[SourceDate "2023.10.10"]
[SourceVersion "1"]
[SourceVersionDate "2023.10.10"]
[SourceQuality "1"]

1. e4 e5 2. Nc3 Bc5 3. Bc4 Nf6 4. d3 Nc6 5. Nf3 d6 6. h3 a6 7. a4 Ba7 8. 0-0 h6 9. Ne2 0-0 10. Ng3 Re8 11. Be3 Be6 12. Ba2 d5 13. Bxa7 Rxa7 14. c3 Ra8 15. Qc2 Qd7 16. Rfe1 Rac8 17. Rad1 d4 18. Bxe6 Rxe6 19. b4 b5 20. axb5 axb5 21. Nf5 Kh7 22. cxd4 exd4 23. Qc5 g6 24. N5xd4 Nxd4 25. Qxd4 Qe7 26. Re2 Rd8 27. Qb2 Rxe4 28. Red2 1/2-1/2

[Event "Barcelona Sant Marti op-B 22nd"]
[Site "Barcelona"]
[Date "2022.07.15"]
[Round "3"]
[White "Clifford, Neil"]
[Black "Guerrero Moreno, Ainoha"]
[Result "1-0"]
[WhiteElo "1704"]
[BlackElo "1500"]
[PlyCount "111"]
[EventDate "2022.07.13"]
[EventType "swiss"]
[EventRounds "9"]
[EventCountry "ESP"]
[SourceTitle "CBM 210 Extra"]
[Source "ChessBase"]
[SourceDate "2022.11.30"]
[SourceVersion "1"]
[SourceVersionDate "2022.11.30"]
[SourceQuality "1"]

1. e4 e5 2. Bc4 Nc6 3. Nc3 Nf6 4. d3 Bc5 5. Nf3 d6 6. Bg5 h6 7. Bh4 g5 8. Bg3 Bg4 9. h4 Nh7 10. Ne2 Qf6 11. hxg5 Nxg5 12. Nxg5 hxg5 13. Rxh8+ Qxh8 14. Kd2 f6 15. f3 Bd7 16. Qf1 Na5 17. Bb3 Nxb3+ 18. axb3 Qg8 19. Bf2 Bxf2 20. Qxf2 a6 21. g4 0-0-0 22. Ng3 d5 23. Rh1 Qf7 24. Rh6 Rf8 25. Qh2 dxe4 26. Nxe4 Qe7 27. Rh8 f5 28. gxf5 Bxf5 29. Rxf8+ Qxf8 30. Qxe5 Bxe4 31. dxe4 Qd6+ 32. Qxd6 cxd6 33. Kd3 Kd7 34. Kd4 Ke6 35. c4 a5 36. c5 dxc5+ 37. Kxc5 Ke5 38. Kb6 Kf4 39. Kxa5 Kxf3 40. e5 g4 41. e6 g3 42. e7 g2 43. e8Q g1Q 44. Qf8+ Ke4 45. Qb4+ Kd3 46. Qxb7 Qa1+ 47. Kb4 Qe1+ 48. Kc5 Qf2+ 49. Kb5 Qxb2 50. Qd5+ Kc3 51. Qc4+ Kd2 52. b4 Qe5+ 53. Qc5 Qb8+ 54. Ka4 Qe8+ 55. b5 Qe4+ 56. Qb4+ 1-0

[Event "Foment Martinenc op-B 22nd"]
[Site "Barcelona"]
[Date "2022.06.11"]
[Round "8"]
[White "Guerrero Moreno, Ainoha"]
[Black "Martinez Ferrer, Albert"]
[Result "0-1"]
[WhiteElo "1402"]
[BlackElo "1675"]
[PlyCount "60"]
[EventDate "2022.04.23"]
[EventType "swiss"]
[EventRounds "9"]
[EventCountry "ESP"]
[SourceTitle "EXT 2023"]
[Source "ChessBase"]
[SourceDate "2022.10.05"]
[SourceVersion "1"]
[SourceVersionDate "2022.10.05"]
[SourceQuality "1"]

1. e4 e6 2. d4 d5 3. e5 c5 4. c3 cxd4 5. cxd4 Nc6 6. Nf3 Nge7 7. Bd3 Nb4 8. Qa4+ Nec6 9. Be2 Qa5 10. Bb5 Nc2+ 11. Ke2 Qxa4 12. Bxa4 Nxa1 13. Nc3 a6 14. Bd1 Bd7 15. a3 Rc8 16. b4 Nxd4+ 17. Nxd4 Rxc3 18. Bb2 Rc7 19. Bxa1 Be7 20. Bc2 0-0 21. f4 Rfc8 22. Kd2 a5 23. Rb1 axb4 24. axb4 Rc4 25. f5 Rxb4 26. Rf1 Bg5+ 27. Kd1 Be3 28. Nf3 Bb5 29. Re1 Bf2 30. Rh1 Rbc4 0-1

[Event "Foment Martinenc op-B 22nd"]
[Site "Barcelona"]
[Date "2022.05.28"]
[Round "6"]
[White "Rodriguez Collado, Alex"]
[Black "Guerrero Moreno, Ainoha"]
[Result "0-1"]
[WhiteElo "1310"]
[BlackElo "1402"]
[PlyCount "82"]
[EventDate "2022.04.23"]
[EventType "swiss"]
[EventRounds "9"]
[EventCountry "ESP"]
[SourceTitle "EXT 2023"]
[Source "ChessBase"]
[SourceDate "2022.10.05"]
[SourceVersion "1"]
[SourceVersionDate "2022.10.05"]
[SourceQuality "1"]

1. e4 e5 2. Nf3 Nc6 3. Bc4 Bc5 4. b4 Bb6 5. b5 Nd4 6. c3 Nxf3+ 7. Qxf3 Qf6 8. Qg3 d6 9. 0-0 Ne7 10. d3 Qg6 11. Qh4 h6 12. Kh1 Qg4 13. Qxg4 Bxg4 14. f3 Bd7 15. f4 exf4 16. Bxf4 Be6 17. Nd2 g5 18. Bg3 Ng6 19. d4 Ba5 20. Rac1 0-0 21. d5 Bd7 22. Nb3 Bb6 23. Nd4 Rae8 24. Bd3 Ne5 25. Be2 Ng6 26. Bd3 Bg4 27. h3 Bh5 28. Nf5 Kh7 29. Bxd6 cxd6 30. Nxd6 Re7 31. e5 Kg8 32. Nf5 Rxe5 33. g4 Nf4 34. Nxh6+ Kg7 35. Nf5+ Kh8 36. Bc4 Bg6 37. Nd6 Bc7 38. Nxb7 Ne2 39. Bxe2 Rxe2 40. d6 Be4+ 41. Kg1 Bb6+ 0-1

[Event "Roncana op-B 13th"]
[Site "Santa Eulalia de Roncana"]
[Date "2019.09.28"]
[Round "1"]
[White "Lazaro Valls, Xavier"]
[Black "Guerrero Moreno, Ainoha"]
[Result "1-0"]
[WhiteElo "1508"]
[BlackElo "1292"]
[PlyCount "57"]
[EventDate "2019.09.28"]
[EventType "swiss"]
[EventRounds "8"]
[EventCountry "ESP"]
[SourceTitle "CBM 193 Extra"]
[Source "ChessBase"]
[SourceDate "2020.01.31"]
[SourceVersion "1"]
[SourceVersionDate "2020.01.31"]
[SourceQuality "1"]

1. e4 e5 2. Nf3 Nc6 3. Bc4 Bc5 4. 0-0 Nf6 5. Re1 h6 6. c3 0-0 7. d4 exd4 8. cxd4 Bb6 9. e5 Ne8 10. Nc3 d6 11. d5 Ne7 12. Bf4 Ng6 13. Qc1 Bg4 14. Be2 f6 15. e6 f5 16. h3 Bh5 17. Be3 Ba5 18. Bxh6 Qf6 19. Bg5 Ne7 20. Bxf6 Nxf6 21. Qg5 Bxc3 22. bxc3 Nexd5 23. Bc4 Ne7 24. Nh4 g6 25. Be2 Ne4 26. Qxe7 Rac8 27. Nf3 Nf6 28. Ng5 Nd5 29. Qh7# 1-0

[Event "Llinars del Valles op-B 12th"]
[Site "Llinars del Valles"]
[Date "2018.04.28"]
[Round "3.19"]
[White "Giro Castellet, Esteve"]
[Black "Guerrero Moreno, Ainoha"]
[Result "1-0"]
[WhiteElo "1610"]
[BlackElo "1240"]
[PlyCount "45"]
[EventDate "2018.04.14"]
[EventType "swiss"]
[EventRounds "8"]
[EventCountry "ESP"]
[SourceTitle "CBM 184 Extra"]
[Source "ChessBase"]
[SourceDate "2018.06.28"]
[SourceVersion "1"]
[SourceVersionDate "2018.06.28"]
[SourceQuality "1"]

1. d4 d5 2. c4 e6 3. a3 Nf6 4. Nc3 Be7 5. Nf3 Nbd7 6. e3 b6 7. cxd5 exd5 8. Bb5 0-0 9. Bc6 Rb8 10. Nxd5 Nxd5 11. Bxd5 Nf6 12. Bc4 Bb7 13. 0-0 Bd6 14. Nd2 Re8 15. Re1 g6 16. b4 Qd7 17. h4 c6 18. e4 Bf4 19. Qf3 Bxd2 20. Bxd2 Qxd4 21. Bxf7+ Kxf7 22. Bc3 Qd8 23. Rad1 1-0

[Event "Roncana op-C 11th"]
[Site "Santa Eulalia de Roncana"]
[Date "2017.09.23"]
[Round "1.6"]
[White "Guerrero Moreno, Ainoha"]
[Black "Burriel Beltran, Alex"]
[Result "0-1"]
[WhiteElo "1672"]
[BlackElo "1382"]
[PlyCount "94"]
[EventDate "2017.09.23"]
[EventType "swiss"]
[EventRounds "8"]
[EventCountry "ESP"]
[SourceTitle "EXT 2024"]
[Source "ChessBase"]
[SourceDate "2023.10.10"]
[SourceVersion "1"]
[SourceVersionDate "2023.10.10"]
[SourceQuality "1"]

1. e4 e5 2. Nf3 Nc6 3. Bc4 h6 4. 0-0 Nf6 5. Nc3 Bc5 6. h3 d6 7. d3 Nd4 8. Nxd4 Bxd4 9. Nb5 a6 10. Nxd4 exd4 11. Bf4 Be6 12. Bb3 g5 13. Bg3 Qe7 14. e5 Nd5 15. exd6 cxd6 16. Bxd5 Qd7 17. Re1 0-0-0 18. Bxe6 fxe6 19. Qg4 Rhe8 20. Qxd4 e5 21. Qc4+ Kb8 22. f3 Rc8 23. Qb3 Qc6 24. c3 Rc7 25. d4 Rce7 26. dxe5 dxe5 27. Re4 Qc5+ 28. Kh2 h5 29. h4 gxh4 30. Bxh4 Rg7 31. Bf6 Rg6 32. Qf7 Rgg8 33. Qxh5 Re6 34. Bxe5+ Ka8 35. Qf5 Reg6 36. Rg4 Rh6+ 37. Kg3 Re8 38. Re1 Rhe6 39. Rge4 Rg8+ 40. Kf4 Rf8 41. Bf6 Rexf6 42. Qxf6 Rxf6+ 43. Kg3 Rg6+ 44. Rg4 Qd6+ 45. f4 Qd3+ 46. Kh4 Rh6+ 47. Kg5 Qg6# 0-1